000 00689nam a22002057a 4500
003 0
005 20250317153733.0
008 250317b xxu||||| |||| 00| 0 eng d
020 _a978-1-57110-955-2
050 _aLB 1525.7.M55
_b.M647 2013
100 _aMiller, Debbie,
_eauthor.
245 _aReading with meaning :
_bteaching comprehension in the primary grades /
_cDebbie Miller.
250 _a2nd ed.
260 _aPortland, Maine :
_bStenhouse Publishers,
_cc2013.
300 _avii, 216 pages :
_bcolored illustrations ;
_c26 cm.
504 _aIncludes bibliographical references and index.
650 _aReading (Primary).
650 _aReading comprehension.
942 _2lcc
_cBK
999 _c367299
_d367299